[Event "Granby inv."]
[Site "Granby CAN"]
[Date "2017.10.31"]
[Round "6"]
[White "Leger, Maxime"]
[Black "Beaudry, Marc-Andre"]
[Result "1-0"]
[WhiteElo "1866"]
[BlackElo "2040"]
[WhiteFideId "-1"]
[WhiteFideId "-1"]
[PlyCount "60"]
[GameId "2160767908330306"]
[EventDate "2017.09.19"]
[EventType "tourn"]
[EventRounds "6"]
[EventCountry "CAN"]
[SourceTitle "mab"]

1. b3 Nf6 2. Bb2 e6 3. f4 b6 4. Nf3 Bb7 5. e3 Be7 6. g3 O-O 7. Bg2 c5 8. O-O d5 9. Ne5 Nc6 10. Nxc6 Bxc6 11. d3 Nd7 12. e4 d4 13. Nd2 e5 14. Bh3 Bf6 15. Nf3 Qe7 16. Bxd7 Bxd7 17. f5 Rfc8 18. Bc1 h6 19. a4 Kf8 20. h4 Ke8 21. Rf2 Bc6 22. Rh2 Kd7 23. g4 Qd6 24. Nd2 Bd8 25. Nc4 Qe7 26. g5 hxg5 27. hxg5 Kc7 28. Rh7 Kb7 29. Rxg7 Bc7 30. Qh5 Rf8 1-0

[Event "Granby op"]
[Site "Granby CAN"]
[Date "2017.11.24"]
[Round "1"]
[White "Auger, Bertrand"]
[Black "Masse, Hugues"]
[Result "0-1"]
[WhiteElo "1931"]
[BlackElo "2250"]
[WhiteFideId "-1"]
[WhiteFideId "-1"]
[PlyCount "86"]
[GameId "2160767908300589"]
[EventDate "2017.11.24"]
[EventType "swiss"]
[EventRounds "5"]
[EventCountry "CAN"]
[SourceTitle "EXT 2022"]
[Source "ChessBase"]
[SourceDate "2021.10.06"]
[SourceVersion "1"]
[SourceVersionDate "2021.10.06"]
[SourceQuality "1"]

1. Nf3 Nf6 2. g3 c5 3. Bg2 Nc6 4. c4 d5 5. cxd5 Nxd5 6. O-O e5 7. d3 Be7 8. Na3 O-O 9. Nc4 f6 10. a4 Be6 11. Bd2 Qd7 12. Re1 Rfd8 13. a5 Ndb4 14. Qc1 Rac8 15. b3 Qc7 16. Qc3 Kh8 17. Rec1 Bxc4 18. Qxc4 Nxa5 19. Qxb4 cxb4 20. Rxc7 Rxc7 21. Rxa5 b6 22. Ra2 a5 23. Bh3 Rc6 24. Ne1 Kg8 25. Bg2 Rc7 26. Be4 Kf7 27. g4 g6 28. Ng2 Ke6 29. Nh4 Rdc8 30. Be3 Rc2 31. Rxc2 Rxc2 32. d4 Rxe2 33. Nf3 Rb2 34. d5+ Kd7 35. g5 b5 36. gxf6 Bxf6 37. Nd2 a4 38. Bd3 a3 39. Bxb5+ Kc8 40. Ne4 Bh4 41. d6 a2 42. d7+ Kc7 43. Ng5 a1=Q+ 0-1

[Event "Granby op"]
[Site "Granby CAN"]
[Date "2017.11.24"]
[Round "1"]
[White "Huang, Qiuyu"]
[Black "Zheng, Richard"]
[Result "1/2-1/2"]
[WhiteElo "2267"]
[BlackElo "2080"]
[WhiteFideId "-1"]
[WhiteFideId "-1"]
[PlyCount "117"]
[GameId "2160767908300591"]
[EventDate "2017.11.24"]
[EventType "swiss"]
[EventRounds "5"]
[EventCountry "CAN"]
[SourceTitle "EXT 2022"]
[Source "ChessBase"]
[SourceDate "2021.10.06"]
[SourceVersion "1"]
[SourceVersionDate "2021.10.06"]
[SourceQuality "1"]

1. e4 e5 2. Nf3 Nc6 3. Bc4 Nf6 4. d3 Be7 5. O-O d6 6. a4 O-O 7. h3 Nd7 8. Nc3 Nb6 9. Bb3 Be6 10. Nd5 Bf6 11. a5 Nd7 12. Bd2 h6 13. Ba2 Ne7 14. c4 c6 15. Ne3 c5 16. Bb3 g6 17. Ba4 Bg7 18. b4 b6 19. Bxd7 Qxd7 20. Qa4 f5 21. Qxd7 Bxd7 22. Rfe1 Bc6 23. b5 Bb7 24. Nd5 Nxd5 25. cxd5 Kh7 26. Ra4 Bf6 27. Bc3 a6 28. Rb1 axb5 29. Rxb5 Bd8 30. Rb2 Bc8 31. Ra3 Rf7 32. Nd2 Rb7 33. Nc4 Bc7 34. Rab3 b5 35. Rxb5 Rxb5 36. Rxb5 Ra7 37. f3 fxe4 38. fxe4 Ba6 39. Rb1 Bxc4 40. dxc4 Bxa5 41. Bxa5 Rxa5 42. Rb6 Ra4 43. Rxd6 Rxc4 44. Rd7+ Kg8 45. Rc7 Rxe4 46. d6 Rd4 47. d7 Kf8 48. Rxc5 Rxd7 49. Rxe5 Rd3 50. Ra5 Kg7 51. Ra6 Rc3 52. Kf2 Rb3 53. Re6 Ra3 54. Re3 Rxe3 55. Kxe3 Kf6 56. Ke4 g5 57. g3 h5 58. Kd4 Kf5 59. Ke3 1/2-1/2

[Event "Granby op"]
[Site "Granby CAN"]
[Date "2017.11.24"]
[Round "1"]
[White "Leger, Manon"]
[Black "Tomb, Maroun"]
[Result "0-1"]
[WhiteElo "1873"]
[BlackElo "2238"]
[WhiteFideId "-1"]
[WhiteFideId "-1"]
[PlyCount "82"]
[GameId "2160767908300592"]
[EventDate "2017.11.24"]
[EventType "swiss"]
[EventRounds "5"]
[EventCountry "CAN"]
[SourceTitle "EXT 2022"]
[Source "ChessBase"]
[SourceDate "2021.10.06"]
[SourceVersion "1"]
[SourceVersionDate "2021.10.06"]
[SourceQuality "1"]

1. e4 d6 2. d4 Nf6 3. Bd3 e5 4. c3 Nc6 5. Ne2 d5 6. Bg5 Be7 7. exd5 Qxd5 8. Bxf6 Bxf6 9. dxe5 Nxe5 10. Nf4 Nxd3+ 11. Qxd3 Qxd3 12. Nxd3 Bf5 13. Nf4 O-O-O 14. O-O h5 15. Na3 g5 16. Ne2 h4 17. Rfd1 Bd3 18. Nc1 Ba6 19. Nb3 b6 20. Nd4 Rhe8 21. Nac2 c5 22. Nf5 Bd3 23. Nce3 Be5 24. h3 a5 25. a4 Bf4 26. Re1 Re5 27. g3 hxg3 28. fxg3 Bxe3+ 29. Nxe3 Rde8 30. Kf2 c4 31. g4 Kb7 32. Rad1 Kc6 33. b4 axb4 34. cxb4 Re4 35. Rc1 R8e6 36. Kf3 Rf4+ 37. Kg3 Ref6 38. Nd1 Rf1 39. Re5 Rg1+ 40. Kh2 Rff1 41. a5 bxa5 0-1

[Event "Granby op"]
[Site "Granby CAN"]
[Date "2017.11.24"]
[Round "1"]
[White "Papineau (Granby), Daniel"]
[Black "Leger, Maxime"]
[Result "1/2-1/2"]
[WhiteElo "2053"]
[BlackElo "1984"]
[WhiteFideId "-1"]
[WhiteFideId "-1"]
[PlyCount "28"]
[GameId "2160767908300593"]
[EventDate "2017.11.24"]
[EventType "swiss"]
[EventRounds "5"]
[EventCountry "CAN"]

1. d4 d5 2. c4 c6 3. Nf3 Nf6 4. e3 e6 5. Nc3 a6 6. a3 Bd6 7. Bd3 Nbd7 8. O-O O-O 9. Qc2 Re8 10. Rd1 Qc7 11. e4 dxe4 12. Nxe4 Nxe4 13. Bxe4 Nf6 14. Bd3 h6 1/2-1/2

[Event "Granby op"]
[Site "Granby CAN"]
[Date "2017.11.25"]
[Round "2"]
[White "Auger, Bertrand"]
[Black "Tanaka, Tyler"]
[Result "0-1"]
[WhiteElo "1931"]
[BlackElo "2080"]
[WhiteFideId "-1"]
[WhiteFideId "-1"]
[PlyCount "90"]
[GameId "2160767908300596"]
[EventDate "2017.11.24"]
[EventType "swiss"]
[EventRounds "5"]
[EventCountry "CAN"]
[SourceTitle "EXT 2022"]
[Source "ChessBase"]
[SourceDate "2021.10.06"]
[SourceVersion "1"]
[SourceVersionDate "2021.10.06"]
[SourceQuality "1"]

1. Nf3 Nf6 2. g3 g6 3. b4 Bg7 4. Bb2 O-O 5. Bg2 d6 6. d3 e5 7. c4 Re8 8. Nbd2 a5 9. a3 Nbd7 10. O-O Nf8 11. Qc2 Nh5 12. Bc3 axb4 13. axb4 Rxa1 14. Rxa1 Ne6 15. e3 f5 16. Nb3 g5 17. Ra7 g4 18. Nfd2 c6 19. d4 Qb6 20. Qa2 exd4 21. Nxd4 c5 22. Nb5 Bxc3 23. Nxc3 cxb4 24. Nd5 Qd8 25. Nxb4 Nc5 26. Nb3 Nf6 27. Nd5 Nxd5 28. Bxd5+ Kg7 29. Nxc5 dxc5 30. Qa4 Re7 31. Qb5 Qd6 32. Ra8 Be6 33. Qb2+ Kg6 34. e4 Bxd5 35. exd5 Re1+ 36. Kg2 Qe7 37. Rg8+ Kh5 38. Qc2 Qe5 39. h3 gxh3+ 40. Kxh3 Re2 41. Qd3 Rxf2 42. Rf8 Kg6 43. d6 Qe1 44. Rxf5 Rxf5 45. g4 Qf1+ 0-1

[Event "Granby op"]
[Site "Granby CAN"]
[Date "2017.11.25"]
[Round "2"]
[White "Brassard, Sylvain"]
[Black "Huang, Qiuyu"]
[Result "0-1"]
[WhiteElo "1785"]
[BlackElo "2267"]
[WhiteFideId "-1"]
[WhiteFideId "-1"]
[PlyCount "104"]
[GameId "2160767908300597"]
[EventDate "2017.11.24"]
[EventType "swiss"]
[EventRounds "5"]
[EventCountry "CAN"]
[SourceTitle "EXT 2022"]
[Source "ChessBase"]
[SourceDate "2021.10.06"]
[SourceVersion "1"]
[SourceVersionDate "2021.10.06"]
[SourceQuality "1"]

1. d4 d5 2. Nf3 Nf6 3. g3 e6 4. Bg2 Be7 5. O-O O-O 6. c4 c6 7. Nc3 b6 8. Ne5 Bb7 9. cxd5 cxd5 10. Bg5 Nbd7 11. Nxd7 Qxd7 12. Bxf6 Bxf6 13. Qd2 b5 14. e3 Rfc8 15. Rfc1 b4 16. Ne2 Qa4 17. b3 Qb5 18. Rxc8+ Rxc8 19. Rc1 Rxc1+ 20. Nxc1 Qc6 21. Nd3 Qc3 22. Qxc3 bxc3 23. Nb4 e5 24. Nc2 exd4 25. exd4 Bc8 26. Bf3 Bf5 27. Bd1 Kf8 28. f3 Ke7 29. Kf2 Bxc2 30. Bxc2 Bxd4+ 31. Ke2 Kd6 32. Kd3 Bf6 33. b4 h5 34. Bb3 g5 35. Bd1 Be5 36. f4 gxf4 37. gxf4 Bxf4 38. Bxh5 f5 39. h3 Bd2 40. a4 Ke5 41. b5 Be1 42. Bd1 Kd6 43. Kd4 f4 44. Bc2 Bd2 45. h4 f3 46. Kd3 Kc5 47. Bd1 f2 48. Ke2 Be3 49. h5 d4 50. Bc2 Kc4 51. Bd3+ Kb3 52. h6 Bxh6 0-1

[Event "Granby op"]
[Site "Granby CAN"]
[Date "2017.11.25"]
[Round "2"]
[White "Moisescu, George"]
[Black "Papineau (Granby), Daniel"]
[Result "0-1"]
[WhiteElo "1730"]
[BlackElo "2053"]
[WhiteFideId "-1"]
[WhiteFideId "-1"]
[PlyCount "46"]
[GameId "2160767908300602"]
[EventDate "2017.11.24"]
[EventType "swiss"]
[EventRounds "5"]
[EventCountry "CAN"]

1. d4 d5 2. c4 Bf5 3. Qb3 e5 4. Qxb7 Nd7 5. dxe5 Rb8 6. Qxd5 Bb4+ 7. Bd2 Ne7 8. Qd4 Bc5 9. Qc3 O-O 10. e3 Bb4 11. Qc1 Nc6 12. Bxb4 Nxb4 13. Na3 Nxe5 14. Qc3 Nbd3+ 15. Bxd3 Nxd3+ 16. Kf1 Rxb2 17. Nc2 Qf6 18. Qxf6 gxf6 19. Ne2 Rxc2 20. f3 Be6 21. Nd4 Rf2+ 22. Kg1 Bxc4 23. a4 Rb8 0-1

[Event "Granby op"]
[Site "Granby CAN"]
[Date "2017.11.25"]
[Round "2"]
[White "Saha, Ananda"]
[Black "Leger, Manon"]
[Result "1-0"]
[WhiteElo "2191"]
[BlackElo "1873"]
[WhiteFideId "-1"]
[WhiteFideId "-1"]
[PlyCount "91"]
[GameId "2160767908300603"]
[EventDate "2017.11.24"]
[EventType "swiss"]
[EventRounds "5"]
[EventCountry "CAN"]
[SourceTitle "EXT 2022"]
[Source "ChessBase"]
[SourceDate "2021.10.06"]
[SourceVersion "1"]
[SourceVersionDate "2021.10.06"]
[SourceQuality "1"]

1. Nf3 d5 2. g3 Nf6 3. Bg2 e6 4. O-O Nbd7 5. b3 Be7 6. Bb2 O-O 7. c4 c6 8. d3 b6 9. Nbd2 Bb7 10. Qc2 c5 11. e4 Qc7 12. Rfe1 d4 13. Rf1 e5 14. h3 Nh5 15. Nh2 g6 16. Bf3 Ndf6 17. Ng4 Rae8 18. Rae1 Bc8 19. Qd1 Nxg4 20. Bxg4 Ng7 21. Bxc8 Qxc8 22. Kg2 Bd6 23. f4 Qc7 24. f5 gxf5 25. exf5 f6 26. Ne4 Kh8 27. Bc1 Be7 28. g4 Rg8 29. Kh2 Bd8 30. Re2 Ref8 31. Bh6 Rf7 32. Bxg7+ Kxg7 33. Rg2 Kh8 34. h4 h6 35. Rf3 Be7 36. Kg1 Qd8 37. Qd2 Bf8 38. g5 hxg5 39. hxg5 fxg5 40. Rh3+ Rh7 41. Rxh7+ Kxh7 42. Nxg5+ Rxg5 43. Qxg5 Qxg5 44. Rxg5 Bh6 45. Rg6 Bf4 46. Kf2 1-0

[Event "Granby op"]
[Site "Granby CAN"]
[Date "2017.11.25"]
[Round "2"]
[White "Tomb, Maroun"]
[Black "Marcone, Malcom"]
[Result "1-0"]
[WhiteElo "2238"]
[BlackElo "1832"]
[WhiteFideId "-1"]
[WhiteFideId "-1"]
[PlyCount "61"]
[GameId "2160767908300604"]
[EventDate "2017.11.24"]
[EventType "swiss"]
[EventRounds "5"]
[EventCountry "CAN"]
[SourceTitle "EXT 2022"]
[Source "ChessBase"]
[SourceDate "2021.10.06"]
[SourceVersion "1"]
[SourceVersionDate "2021.10.06"]
[SourceQuality "1"]

1. e4 e6 2. d4 d5 3. Nd2 Nf6 4. e5 Nfd7 5. Bd3 c5 6. c3 Nc6 7. Ngf3 g6 8. h4 Be7 9. Nf1 cxd4 10. cxd4 Qa5+ 11. Bd2 Qb6 12. Bc3 f5 13. Ng3 Nf8 14. Qd2 Bd7 15. h5 Rg8 16. hxg6 hxg6 17. Ne2 a5 18. g4 Nb4 19. Bb1 Bb5 20. Nf4 Nc6 21. Rh6 fxg4 22. Nh2 Bg5 23. Nxg4 Bxh6 24. Nxh6 Rg7 25. Bc2 Ne7 26. O-O-O Nf5 27. Ng4 Nd7 28. Rh1 Ke7 29. Nf6 Bc6 30. Rg1 Nf8 31. Bxf5 1-0

[Event "Granby op"]
[Site "Granby CAN"]
[Date "2017.11.25"]
[Round "2"]
[White "Turcotte, Jonathan"]
[Black "Guipi Bopala, Prince Eric jr"]
[Result "1-0"]
[WhiteElo "2039"]
[BlackElo "1868"]
[WhiteFideId "-1"]
[WhiteFideId "-1"]
[PlyCount "127"]
[GameId "2160767908300605"]
[EventDate "2017.11.24"]
[EventType "swiss"]
[EventRounds "5"]
[EventCountry "CAN"]
[SourceTitle "EXT 2022"]
[Source "ChessBase"]
[SourceDate "2021.10.06"]
[SourceVersion "1"]
[SourceVersionDate "2021.10.06"]
[SourceQuality "1"]

1. d4 d5 2. c4 e6 3. Nf3 Be7 4. Nc3 Nf6 5. Bg5 O-O 6. e3 b6 7. Bd3 Bb7 8. O-O Nbd7 9. Qe2 h6 10. Bh4 Rc8 11. Rfd1 a6 12. cxd5 exd5 13. Bxa6 Bxa6 14. Qxa6 Re8 15. Rac1 Nf8 16. Ne5 Ne6 17. Bg3 Nh5 18. Qb7 Nxg3 19. hxg3 Bd6 20. Qxd5 Bxe5 21. Qxe5 Ng5 22. Qf5 g6 23. Qf4 Kg7 24. d5 Qe7 25. d6 cxd6 26. Qxd6 Qxd6 27. Rxd6 Rb8 28. Nd5 b5 29. f3 Red8 30. Rxd8 Rxd8 31. e4 Ne6 32. Kf2 Kf8 33. Ke3 Ke8 34. Nc7+ Nxc7 35. Rxc7 b4 36. Rb7 Ra8 37. Rxb4 Rxa2 38. g4 Ra1 39. Rd4 Re1+ 40. Kf2 Rb1 41. Rd2 Ke7 42. Ke3 Ke6 43. Kd3 Ke5 44. Kc2 Rg1 45. b4 Ra1 46. Kb2 Ra7 47. Kb3 Kf4 48. b5 Ke3 49. Rb2 Kd4 50. Kb4 h5 51. gxh5 gxh5 52. b6 Rb7 53. Kb5 h4 54. Kc6 Rb8 55. b7 Ke3 56. Kc7 Rg8 57. b8=Q Rxb8 58. Rxb8 Kf2 59. Rb2+ Kg3 60. Kd6 h3 61. gxh3 Kxf3 62. e5 Kg3 63. Rb7 Kxh3 64. Rxf7 1-0

[Event "Granby op"]
[Site "Granby CAN"]
[Date "2017.11.25"]
[Round "2"]
[White "Zhong, Kevin"]
[Black "Saint Onge, Pierre"]
[Result "1-0"]
[WhiteElo "2060"]
[BlackElo "1541"]
[WhiteFideId "-1"]
[WhiteFideId "-1"]
[PlyCount "41"]
[GameId "2160767908300606"]
[EventDate "2017.11.24"]
[EventType "swiss"]
[EventRounds "5"]
[EventCountry "CAN"]
[SourceTitle "EXT 2022"]
[Source "ChessBase"]
[SourceDate "2021.10.06"]
[SourceVersion "1"]
[SourceVersionDate "2021.10.06"]
[SourceQuality "1"]

1. e4 e5 2. Nf3 Nc6 3. Bc4 g5 4. d4 g4 5. Nxe5 Nxe5 6. dxe5 Ne7 7. Nc3 c6 8. Bg5 Qa5 9. Bf6 Rg8 10. O-O Ng6 11. Nb5 cxb5 12. Bxf7+ Kxf7 13. Qd5+ Ke8 14. Qxg8 Qd2 15. Rad1 Qh6 16. e6 Ne5 17. Bxe5 Qxe6 18. Qh8 Qf7 19. Rd6 Qe7 20. Rf6 a5 21. Bd6 1-0

[Event "Granby op"]
[Site "Granby CAN"]
[Date "2017.11.25"]
[Round "3"]
[White "Baran, Marius"]
[Black "Moisescu, George"]
[Result "1-0"]
[WhiteElo "1903"]
[BlackElo "1730"]
[WhiteFideId "-1"]
[WhiteFideId "-1"]
[PlyCount "101"]
[GameId "2160767908300607"]
[EventDate "2017.11.24"]
[EventType "swiss"]
[EventRounds "5"]
[EventCountry "CAN"]
[SourceTitle "EXT 2022"]
[Source "ChessBase"]
[SourceDate "2021.10.06"]
[SourceVersion "1"]
[SourceVersionDate "2021.10.06"]
[SourceQuality "1"]

1. e4 e6 2. d4 d5 3. Nd2 Nf6 4. e5 Nfd7 5. Bd3 c5 6. c3 Nc6 7. Ne2 Qb6 8. Nf3 cxd4 9. cxd4 Bb4+ 10. Bd2 Bxd2+ 11. Qxd2 Qb4 12. O-O Qxd2 13. Nxd2 O-O 14. Rac1 a6 15. Nf3 f6 16. Nf4 Ndb8 17. exf6 Rxf6 18. Nh5 Rf8 19. Rfe1 g6 20. Ng3 Bd7 21. h4 Kg7 22. h5 Kf6 23. hxg6 hxg6 24. Re3 Rc8 25. Bb1 Ne7 26. Rxc8 Bxc8 27. Ne5 Nbc6 28. Rf3+ Nf5 29. Nxc6 bxc6 30. Ne2 Kg7 31. g4 Ne7 32. Rg3 Bd7 33. f4 Rb8 34. b3 Rf8 35. Kg2 Rc8 36. Rc3 e5 37. fxe5 Bxg4 38. Ng3 Nf5 39. Nxf5+ Bxf5 40. Bxf5 gxf5 41. Rg3+ Kh6 42. Kf3 c5 43. dxc5 Rxc5 44. Kf4 Rc2 45. Kxf5 Rxa2 46. Kf6 Rf2+ 47. Ke7 Re2 48. e6 d4 49. Kd7 d3 50. Rxd3 Kg6 51. e7 1-0

[Event "Granby op"]
[Site "Granby CAN"]
[Date "2017.11.25"]
[Round "3"]
[White "Bassel, Charaf"]
[Black "Tanaka, Tyler"]
[Result "1-0"]
[WhiteElo "2099"]
[BlackElo "2080"]
[WhiteFideId "-1"]
[WhiteFideId "-1"]
[PlyCount "117"]
[GameId "2160767908300608"]
[EventDate "2017.11.24"]
[EventType "swiss"]
[EventRounds "5"]
[EventCountry "CAN"]
[SourceTitle "EXT 2022"]
[Source "ChessBase"]
[SourceDate "2021.10.06"]
[SourceVersion "1"]
[SourceVersionDate "2021.10.06"]
[SourceQuality "1"]

1. b3 c5 2. Bb2 Nc6 3. e3 d6 4. Nf3 Nf6 5. c4 g6 6. Bxf6 exf6 7. Nc3 Bg7 8. Rc1 O-O 9. Be2 f5 10. O-O Re8 11. d4 b6 12. Qd2 Bb7 13. Rfd1 Rc8 14. dxc5 dxc5 15. Nb5 Qe7 16. Qd7 a6 17. Qxe7 Rxe7 18. Nd6 Rd8 19. Ng5 Bf6 20. Nxb7 Rxb7 21. Bf3 Bxg5 22. Bxc6 Rxd1+ 23. Rxd1 Rb8 24. g3 Rd8 25. Bd5 Kf8 26. Kg2 Ke7 27. h4 Bf6 28. h5 Be5 29. Rh1 Rh8 30. f4 Bc3 31. Kf3 Kf6 32. g4 fxg4+ 33. Kxg4 Kg7 34. e4 f6 35. Rh3 Bd4 36. h6+ Kf8 37. e5 f5+ 38. Kg5 Ke7 39. Rd3 Rd8 40. b4 Bf2 41. Ra3 cxb4 42. Rxa6 b5 43. Re6+ Kf8 44. Rf6+ Ke8 45. Bf7+ Ke7 46. cxb5 Rd1 47. Bxg6 hxg6 48. Rxg6 Rh1 49. Kxf5 Rh5+ 50. Kg4 Rh4+ 51. Kf3 Be1 52. b6 Kd7 53. b7 Kc7 54. Rg7+ Kb8 55. h7 Ka7 56. b8=Q+ Kxb8 57. Rg8+ Kc7 58. h8=Q Rxh8 59. Rxh8 1-0

[Event "Granby op"]
[Site "Granby CAN"]
[Date "2017.11.25"]
[Round "3"]
[White "Guipi Bopala, Prince Eric jr"]
[Black "Brassard, Sylvain"]
[Result "0-1"]
[WhiteElo "1868"]
[BlackElo "1785"]
[WhiteFideId "-1"]
[WhiteFideId "-1"]
[PlyCount "79"]
[GameId "2160767908300609"]
[EventDate "2017.11.24"]
[EventType "swiss"]
[EventRounds "5"]
[EventCountry "CAN"]
[SourceTitle "EXT 2022"]
[Source "ChessBase"]
[SourceDate "2021.10.06"]
[SourceVersion "1"]
[SourceVersionDate "2021.10.06"]
[SourceQuality "1"]

1. e4 Nf6 2. e5 Nd5 3. d4 d6 4. Nf3 dxe5 5. Nxe5 c6 6. Bc4 Be6 7. O-O Nd7 8. Nf3 N7f6 9. Be2 g6 10. Ng5 Bf5 11. c4 Nb6 12. h3 Bg7 13. Be3 O-O 14. Nd2 h6 15. Ngf3 g5 16. Ne5 Nbd7 17. Ndf3 Nxe5 18. Nxe5 Ne4 19. Bd3 Bxe5 20. dxe5 Nxf2 21. Rxf2 Qxd3 22. Qf3 Be6 23. Rd1 Qxc4 24. Rd4 Qxa2 25. Qe4 Rad8 26. h4 Rxd4 27. Bxd4 Qd5 28. Qe3 f6 29. exf6 exf6 30. hxg5 fxg5 31. Rd2 Qf5 32. Rd1 Bd5 33. Qe7 Rf7 34. Qe8+ Kh7 35. Qh8+ Kg6 36. Qg8+ Kh5 37. Qb8 Qc2 38. Qh2+ Kg6 39. Re1 Rf4 40. Be3 0-1

[Event "Granby op"]
[Site "Granby CAN"]
[Date "2017.11.25"]
[Round "3"]
[White "Huang, Qiuyu"]
[Black "Tomb, Maroun"]
[Result "1/2-1/2"]
[WhiteElo "2267"]
[BlackElo "2238"]
[WhiteFideId "-1"]
[WhiteFideId "-1"]
[PlyCount "177"]
[GameId "2160767908300611"]
[EventDate "2017.11.24"]
[EventType "swiss"]
[EventRounds "5"]
[EventCountry "CAN"]
[SourceTitle "EXT 2022"]
[Source "ChessBase"]
[SourceDate "2021.10.06"]
[SourceVersion "1"]
[SourceVersionDate "2021.10.06"]
[SourceQuality "1"]

1. e4 d6 2. d4 Nf6 3. Nc3 e5 4. dxe5 dxe5 5. Qxd8+ Kxd8 6. Bc4 Ke8 7. a3 Bd6 8. Nf3 a6 9. O-O b5 10. Ba2 Bb7 11. Ng5 Rf8 12. Nd5 Nbd7 13. f4 h6 14. fxe5 Bc5+ 15. Kh1 Nxd5 16. exd5 hxg5 17. Re1 Bd4 18. e6 fxe6 19. Rxe6+ Kd8 20. Bxg5+ Bf6 21. Bxf6+ Nxf6 22. Rae1 Bxd5 23. Rxf6 Rxf6 24. Bxd5 c6 25. Bf3 Ra7 26. Kg1 Re7 27. Rc1 Kc7 28. c4 Re3 29. c5 Rf4 30. Rd1 Rc4 31. b4 Rxa3 32. Rd6 Rxb4 33. Rxc6+ Kd8 34. Rg6 Rc4 35. c6 b4 36. Rxg7 b3 37. Rg8+ Ke7 38. Rb8 Rc2 39. h4 b2 40. Be4 Ra1+ 41. Kh2 b1=Q 42. Rxb1 Rxb1 43. Bxc2 Rc1 44. Be4 Rc4 45. Bf3 Rxh4+ 46. Kg3 Rc4 47. Kf2 a5 48. Bd5 Rc5 49. Bb3 Rxc6 50. Ke2 Rc3 51. Bd1 Kd6 52. Kd2 Rg3 53. Kc1 Rxg2 54. Bc2 Kc5 55. Kb1 Kb4 56. Bf5 a4 57. Be4 Rd2 58. Bf5 Kc3 59. Bg6 Rb2+ 60. Ka1 Kb3 61. Bf7+ Ka3 62. Bg6 Ra2+ 63. Kb1 Rg2 64. Bf7 Rg1+ 65. Kc2 Kb4 66. Kb2 Rg2+ 67. Kb1 Ka3 68. Be6 Rg1+ 69. Kc2 Rg6 70. Bd5 Rb6 71. Bf7 Kb4 72. Kb2 Rf6 73. Bd5 Rf2+ 74. Kb1 Kc3 75. Bc6 a3 76. Bd5 Kb4 77. Be6 Rb2+ 78. Ka1 Re2 79. Bf7 a2 80. Bxa2 Ka3 81. Bb1 Kb3 82. Bf5 Re5 83. Bg6 Re1+ 84. Bb1 Kc3 85. Ka2 Re2+ 86. Ka1 Kb3 87. Bf5 Ra2+ 88. Kb1 Rf2 89. Be6+ 1/2-1/2

[Event "Granby op"]
[Site "Granby CAN"]
[Date "2017.11.25"]
[Round "3"]
[White "Leger, Manon"]
[Black "Auger, Bertrand"]
[Result "0-1"]
[WhiteElo "1873"]
[BlackElo "1931"]
[WhiteFideId "-1"]
[WhiteFideId "-1"]
[PlyCount "50"]
[GameId "2160767908300612"]
[EventDate "2017.11.24"]
[EventType "swiss"]
[EventRounds "5"]
[EventCountry "CAN"]
[SourceTitle "EXT 2022"]
[Source "ChessBase"]
[SourceDate "2021.10.06"]
[SourceVersion "1"]
[SourceVersionDate "2021.10.06"]
[SourceQuality "1"]

1. e4 e6 2. d4 d5 3. Nd2 dxe4 4. Nxe4 Bd7 5. Nf3 Bc6 6. Bd3 Nd7 7. c4 Ngf6 8. Nc3 Bb4 9. O-O Bxc3 10. bxc3 O-O 11. Bg5 h6 12. Bh4 g5 13. Bg3 Ne4 14. Rc1 f5 15. Ne5 Nxe5 16. Bxe5 Qe7 17. Re1 Rad8 18. Qe2 Qd7 19. Qh5 Kh7 20. h4 Qf7 21. Qe2 g4 22. g3 Rd7 23. Qe3 Qh5 24. Qf4 Ng5 25. Be2 Nh3+ 0-1

[Event "Granby op"]
[Site "Granby CAN"]
[Date "2017.11.25"]
[Round "3"]
[White "Marcone, Malcom"]
[Black "Saha, Ananda"]
[Result "1/2-1/2"]
[WhiteElo "1832"]
[BlackElo "2191"]
[WhiteFideId "-1"]
[WhiteFideId "-1"]
[PlyCount "87"]
[GameId "2160767908300613"]
[EventDate "2017.11.24"]
[EventType "swiss"]
[EventRounds "5"]
[EventCountry "CAN"]
[SourceTitle "EXT 2022"]
[Source "ChessBase"]
[SourceDate "2021.10.06"]
[SourceVersion "1"]
[SourceVersionDate "2021.10.06"]
[SourceQuality "1"]

1. d4 d5 2. c4 e6 3. Nf3 Nf6 4. g3 Be7 5. Bg2 O-O 6. O-O c6 7. Qc2 Nbd7 8. Rd1 Ne4 9. Ne1 f5 10. Nd3 Ndf6 11. c5 Ne8 12. b4 Bf6 13. Bb2 Ng5 14. Nd2 Nf7 15. Nf3 g5 16. Nfe5 Bxe5 17. Nxe5 Nxe5 18. dxe5 Qe7 19. Rd4 Ng7 20. h4 h6 21. hxg5 hxg5 22. f4 Bd7 23. Qd3 Be8 24. Kf2 Bg6 25. Rh1 Kf7 26. Qe3 g4 27. Rdd1 Rh8 28. Qa3 Rxh1 29. Rxh1 Qd8 30. Bd4 a5 31. b5 cxb5 32. Qb3 Qd7 33. Rb1 b4 34. a3 Ne8 35. axb4 a4 36. Qd3 Nc7 37. e3 Kg7 38. b5 Be8 39. c6 bxc6 40. bxc6 Qxc6 41. Rb6 Qd7 42. Rb7 Qc6 43. Rb6 Qc1 44. Rb1 1/2-1/2

[Event "Granby op"]
[Site "Granby CAN"]
[Date "2017.11.25"]
[Round "3"]
[White "Masse, Hugues"]
[Black "Leger, Maxime"]
[Result "1/2-1/2"]
[WhiteElo "2250"]
[BlackElo "1984"]
[WhiteFideId "-1"]
[WhiteFideId "-1"]
[PlyCount "64"]
[GameId "2160767908300614"]
[EventDate "2017.11.24"]
[EventType "swiss"]
[EventRounds "5"]
[EventCountry "CAN"]
[SourceTitle "EXT 2022"]
[Source "ChessBase"]
[SourceDate "2021.10.06"]
[SourceVersion "1"]
[SourceVersionDate "2021.10.06"]
[SourceQuality "1"]

1. e4 g6 2. d4 Bg7 3. Nc3 d5 4. exd5 Nf6 5. Bc4 Nbd7 6. Bb3 Nb6 7. Qf3 Bg4 8. Qg3 Bf5 9. Nf3 Nfxd5 10. Nxd5 Nxd5 11. c3 a5 12. a4 c6 13. O-O O-O 14. Re1 Re8 15. Ne5 Be6 16. Bc2 Qd6 17. Nd3 Qxg3 18. hxg3 Bf5 19. Re2 e5 20. dxe5 Bxe5 21. Bh6 Bg7 22. Rxe8+ Rxe8 23. Bxg7 Kxg7 24. Kf1 Nb6 25. Rd1 Nc4 26. Bb3 Be6 27. Nc5 Bg4 28. Rd4 Be2+ 29. Kg1 b5 30. axb5 cxb5 31. Bxc4 Bxc4 32. b3 Re5 1/2-1/2

[Event "Granby op"]
[Site "Granby CAN"]
[Date "2017.11.25"]
[Round "3"]
[White "Papineau (Granby), Daniel"]
[Black "Turcotte, Jonathan"]
[Result "1-0"]
[WhiteElo "2053"]
[BlackElo "2039"]
[WhiteFideId "-1"]
[WhiteFideId "-1"]
[PlyCount "77"]
[GameId "2160767908300615"]
[EventDate "2017.11.24"]
[EventType "swiss"]
[EventRounds "5"]
[EventCountry "CAN"]

1. c4 c6 2. Nc3 d5 3. d4 Nf6 4. g3 Bf5 5. Bg2 e6 6. Nf3 h6 7. O-O Nbd7 8. c5 Be7 9. b4 Ne4 10. Bd2 Bf6 11. e3 O-O 12. a4 a6 13. h3 e5 14. dxe5 Nxe5 15. Nd4 Bg6 16. Nxe4 Bxe4 17. Bc3 Qc8 18. Ra2 Rd8 19. Qa1 Nd3 20. f3 Bh7 21. Rd1 a5 22. b5 Nxc5 23. Ne2 Bxc3 24. Qxc3 cxb5 25. axb5 b6 26. Rad2 a4 27. Rxd5 Rxd5 28. Rxd5 a3 29. Rd1 a2 30. Ra1 Bb1 31. f4 Ra5 32. Nd4 Qe8 33. Bd5 g6 34. Nc6 Qd7 35. Qf6 Ra7 36. e4 Bxe4 37. Bxa2 Qxh3 38. Bxf7+ Rxf7 39. Ra8+ 1-0